000 00996cam a2200265 4500
001 WB3547-46
008 000000n1999 000 0 eng u
035 _a(Sirsi) u103008
245 _aRail plans win backbench support
260 _c1999
490 _aPlanning (for the Natural and Built Environment)
_v(1346) 26 November 1999, 14(1)
520 _aHighlights the concerns of the environment select committee on the Railways Bill, which was drawn up to introduce the Strategic Rail Authority. Concerns focus on the proposals for the Authority's handling of the disposal of land previously held by British Rail.
590 _aWB
650 _aSTRATEGIC RAIL AUTHORITY
650 _aRAILWAYS BILL
650 _aRAILWAY LAND
650 _aRAIL SERVICES
650 _aENVIRONMENTAL IMPACT
650 _aFREIGHT TRANSPORT
650 _aGOVERNMENT POLICY
650 _aENVIRONMENT SELECT COMMITTEE
650 _aLAND SALES
690 _aTRANSPORT AND COMMUNICATIONS
942 _n0
999 _c61895
_d61895